Guess The Country (My Edition Part 3) - Statistics

General Stats
  • This quiz has been taken 12 times
  • The average score is 11 of 15
Answer Stats
Picture Answer % Correct
Norway
92%
South Africa
92%
Australia
83%
Iran
83%
Iraq
83%
North Korea
83%
Saudi Arabia
83%
Colombia
75%
Egypt
67%
Indonesia
67%
Jordan
67%
Taiwan
67%
Thailand
67%
Ukraine
67%
Bolivia
33%
No matching quizzes found
Score Distribution
Percent of People with Each Score
Percentile by Number Answered
Your Score History
You have not taken this quiz